LEADER 01391nam a2200301 u 4500 001 000000005246 003 CaOOAMICUS 005 20070226104736.0 008 941010s1944 it u000 u ita u 035 $a10138620 040 $aPUL$bita 041 1 $aita$hlat 100 1 $aSuetonius Tranquillus, Caius,$df. sec. I-II.$0(OLS)http://pul/name/5481 240 10$aDe vita XII Caesarum$9(Suetonius Tranquillus, Caius, f. sec. I-II).$lItaliano.$f1944.$0(OLS)http://pul/title/7674 245 13$aLe vite dei dodici Cesari /$cnella classica e intergrale traduzione di Paolo del Rosso; introduzione e note di Tommaso Martella. 260 $aRoma :$bEditoriale romana,$c[1944] 300 $a457, [2] p. incl. front. ;$c20 cm 490 1 $aCollezione "Alfa", ;$v4 700 1 $aMartella, Tommaso.$0(OLS)http://pul/name/5484 700 1 $aDel Rosso, Paolo,$dm. 1569.$0(OLS)http://pul/name/5483 830 0$aCollezione "Alfa", ;$v4.$0(OLS)http://pul/title/7676 850 $aPUL 852 $aPUL$W1$xDP1 Fondo Cecchetti$y53$m293 H 8$j7360$nBK-PRI$b $qFondi$B7360$CPULBib$Z2$F7360 $HPUL3500 $81 900 $aSvetonius Tranquillus, Caius,$df. sec. I-II$95481 900 $aSvetonio,$df. sec. I-II$95481 941 1 $a1 996 $6245$aLe vite dei dodici Cesari$9(OLS)http://pul/title/7675 996 $6260$aRoma :$bEditoriale romana$9(OLS)http://pul/publisher/50830 LEADER 01796nam a2200421 a 4500 001 000000022976 003 CaOOAMICUS 005 20100622120245.0 008 950428s1995 be u000 u lat r 020 $a2503039014 (hbk.) 020 $a2503039022 (pbk.) 035 $a10577300 040 $aPUL(R)$bita$delep 041 0 $alat$ager 100 0 $aHildegardis,$cs.,$d1098-1179.$0(OLS)http://pul/name/5033 240 10$aLiber vitae meritorum.$lLatino.$0(OLS)http://pul/title/32003 245 10$aHildegardis Liber vite meritorum /$cedidit Angela Carlevaris O.S.B. 246 30$aLiber vite meritorum 260 $aTurnholti :$bBrepols,$c1995. 300 $alxvi, 426 p. ;$c25 cm 490 1 $aCorpus Christianorum.$aContinuatio Mediaevalis ;$v90 500 $aComprende indici. 504 $aBibliografia: p. lx-lxvi. 546 $aTesto in latino, introduzione in tedesco. 700 1 $aCarlevaris, Angela.$0(OLS)http://pul/name/8825 830 0$aCorpus Christianorum.$pContinuatio Mediaevalis ;$v90.$0(OLS)http://pul/title/6 850 $aPUL 852 $aPUL$W1$xSL Cons. Gen., Altre Classi 1$y1$m2008 B 1.90$j140431$nBK-PRI$qStampati$B32201$CPULBib$Z2$F32201 $H73509 $82 900 $aIldegarda,$cbadessa di Bingen,$d1098-1179$95033 900 $aHildegard von Bingen$cs.$d1098-1179? $95033 900 $aIldegarda, $cs.,$d1098-1179$95033 941 1 $a8 961 $aINV: 73509 996 $6020$a2503039014 (hbk.)$9(OLS)http://pul/number/28938 996 $6020$a2503039022 (pbk.)$9(OLS)http://pul/number/28939 996 $6245$aHildegardis Liber vite meritorum$9(OLS)http://pul/title/32004 996 $6246$aLiber vite meritorum$9(OLS)http://pul/title/32005 996 $6260$aTurnholti :$bBrepols$9(OLS)http://pul/publisher/47842